Εικαστικές αναζητήσεις : ομαδική έκθεση ζωγραφικής
Αποθηκεύτηκε σε:
| Μορφή: | Βιβλίο |
|---|---|
| Γλώσσα: | Greek |
| Δημοσίευση: |
[Χ. τ. :
χ. ό.],
2010.
|
| Ετικέτες: |
Προσθήκη ετικέτας
Δεν υπάρχουν, Καταχωρήστε ετικέτα πρώτοι!
|
MARC
| LEADER | 00000cam a2200000 a 4500 | ||
|---|---|---|---|
| 001 | 1/116326 | ||
| 008 | 180426s2010####gr | ||| |||| ||gre|| | ||
| 040 | |a GR-MyUa |b gre |c GR-MyUa |e AACR2 | ||
| 041 | 0 | |a gre | |
| 082 | 7 | |a 707.4 |2 (23) | |
| 245 | 0 | 0 | |a Εικαστικές αναζητήσεις : |b ομαδική έκθεση ζωγραφικής / |c οργάνωση έκθεσης Μελέτης Φικιώρης. |
| 260 | |a [Χ. τ. : |b χ. ό.], |c 2010. | ||
| 300 | |a 11 σ. : |b εικ. ; |c 22 εκ. | ||
| 500 | |a Κατάλογος έκθεσης που πραγματοποιήθηκε στο Δημαρχείο Ερμούπολης από τις 17/07/2010 - 27/07/2010 στα πλαίσια των Ερμουπολείων 2010. | ||
| 852 | |a INST |b SYROS |c KYK |e 20180426 |h 707.4 ΕΙΚ |p 005500013348 |q 005500013348 |t BK |y 0 | ||
| 970 | |a Κοντού |b Παρασκευή |z 26/04/2018 | ||